Current topics in cellular regulation. V 11. (Record no. 25995)

MARC details
000 -LEADER
fixed length control field 00366nam a2200133Ia 4500
082 ## - DEWEY DECIMAL CLASSIFICATION NUMBER
Classification number 576
Item number HOR.11
100 ## - MAIN ENTRY--AUTHOR NAME
Personal name HORECKER, Bernard L
245 #0 - TITLE STATEMENT
Title Current topics in cellular regulation. V 11.
260 ## - PUBLICATION, DISTRIBUTION, ETC. (IMPRINT)
Place of publication New York
Name of publisher Academic
Year of publication 1976
650 ## - SUBJECT ADDED ENTRY--TOPICAL TERM
Topical Term Glucokinase regulation
700 ## - ADDED ENTRY--PERSONAL NAME
Personal name STADTMAN, Earl R
942 ## - ADDED ENTRY ELEMENTS (KOHA)
Koha item type Books
Holdings
Withdrawn status Lost status Damaged status Not for loan Home library Current library Date acquired Full call number Accession Number Koha item type
        RRII Library RRII Library 16/12/2021 576 HOR.11 06635 Books